Southville International School and Colleges
Your cart is empty.
  • Cart
  • Lists
    Public lists list_1 View all
    Your lists Log in to create your own lists
  • Log in to your account
  • Your cookies
  • Search history
Southville International School and Colleges
  • Advanced search
  • Recent comments
  • Most popular
  • Libraries

Log in to your account

Log in with GOOGLE


If you do not have an external account, but do have a local account, you can still log in:

  1. Home
  2. MARC view: Artemis Fowl :
Normal view MARC view ISBD view

Artemis Fowl : (Record no. 33356)

[ view plain ]
MARC details
000 -LEADER
fixed length control field 01352cam a22003853a 4500
001 - CONTROL NUMBER
control field 13438767
003 - CONTROL NUMBER IDENTIFIER
control field OSt
005 - DATE AND TIME OF LATEST TRANSACTION
control field 20140310184250.0
008 - FIXED-LENGTH DATA ELEMENTS--GENERAL INFORMATION
fixed length control field 031219s2002 nyu j 000 1 eng d
010 ## - LIBRARY OF CONGRESS CONTROL NUMBER
LC control number 2003283975
020 ## - INTERNATIONAL STANDARD BOOK NUMBER
International Standard Book Number 0439441439
035 ## - SYSTEM CONTROL NUMBER
System control number (CStRLIN)NYCXV4301964-B
035 ## - SYSTEM CONTROL NUMBER
System control number (NIC)4301964
040 ## - CATALOGING SOURCE
Original cataloging agency UAF
Transcribing agency UAF
Modifying agency NIC
-- DLC
050 00 - LIBRARY OF CONGRESS CALL NUMBER
Classification number PZ 7
Item number .C68 2002
100 1# - MAIN ENTRY--PERSONAL NAME
Personal name Colfer, Eoin.
9 (RLIN) 17202
245 10 - TITLE STATEMENT
Title Artemis Fowl :
Statement of responsibility, etc Eoin Colfer.
Remainder of title the arctic incident /
250 ## - EDITION STATEMENT
Edition statement 1st American ed.
260 ## - PUBLICATION, DISTRIBUTION, ETC. (IMPRINT)
Place of publication, distribution, etc New York :
Name of publisher, distributor, etc Scholastic Inc.,
Date of publication, distribution, etc 2002.
300 ## - PHYSICAL DESCRIPTION
Extent viii, 277 p. ;
Dimensions 21 cm.
521 ## - TARGET AUDIENCE NOTE
Target audience note
526 ## - STUDY PROGRAM INFORMATION NOTE
Reading level 610
650 #1 - SUBJECT ADDED ENTRY--TOPICAL TERM
Topical term or geographic name as entry element Fairies
Form subdivision Fiction.
9 (RLIN) 26754
650 #1 - SUBJECT ADDED ENTRY--TOPICAL TERM
Topical term or geographic name as entry element Kidnapping
Form subdivision Fiction.
9 (RLIN) 26755
650 #1 - SUBJECT ADDED ENTRY--TOPICAL TERM
Topical term or geographic name as entry element Magic
Form subdivision Fiction.
9 (RLIN) 26756
650 #1 - SUBJECT ADDED ENTRY--TOPICAL TERM
Topical term or geographic name as entry element Mothers and sons
Form subdivision Fiction.
9 (RLIN) 26757
651 #1 - SUBJECT ADDED ENTRY--GEOGRAPHIC NAME
Geographic name England
Form subdivision Fiction.
9 (RLIN) 26758
655 #7 - INDEX TERM--GENRE/FORM
Genre/form data or focus term Children's stories.
Source of term lcsh
9 (RLIN) 3012
856 42 - ELECTRONIC LOCATION AND ACCESS
Materials specified Publisher description
Uniform Resource Identifier <a href="http://www.loc.gov/catdir/enhancements/fy0912/2003283975-d.html">http://www.loc.gov/catdir/enhancements/fy0912/2003283975-d.html</a>
906 ## - LOCAL DATA ELEMENT F, LDF (RLIN)
a 7
b cbc
c copycat
d 3
e ncip
f 20
g y-gencatlg
942 ## - ADDED ENTRY ELEMENTS (KOHA)
Source of classification or shelving scheme Library of Congress Classification
Koha item type
Holdings
Withdrawn status Lost status Source of classification or shelving scheme Damaged status Home library Current library Shelving location Date acquired Source of acquisition Total Checkouts Full call number Barcode Date last seen Copy number Price effective from Koha item type Total Renewals Date checked out
    Library of Congress Classification   Luxembourg Library Luxembourg Library Scholastic Reading Center Section 04/23/2012 Donation   PZ 7 .C68 2002 LEX1896 04/18/2017 1 01/30/2014 Books    
    Library of Congress Classification   Luxembourg Library Luxembourg Library Scholastic Reading Center Section 10/09/2013 Donation   PZ 7 .C68 2002 LEX2573 04/18/2017 2 10/09/2013 Books    
    Library of Congress Classification   Luxembourg Library Luxembourg Library Scholastic Reading Center Section 10/19/2013   2 PZ 7 .C68 2002 SCHO0092 03/18/2019 3 10/19/2013 Books 2 03/08/2019

Artemis Fowl :

APA

Colfer E., . (2002). Artemis Fowl. New York: Scholastic Inc.

Chicago

Colfer Eoin, . 2002. Artemis Fowl. New York: Scholastic Inc.

Harvard

Colfer E., . (2002). Artemis Fowl. New York: Scholastic Inc.

MLA

Colfer Eoin, . Artemis Fowl. New York: Scholastic Inc. 2002.

  • Place hold
  • Print
  • Cite
  • Add to your cart (remove)
  • Save record
    BIBTEX Dublin Core MARCXML MARC (non-Unicode/MARC-8) MARC (Unicode/UTF-8) MARC (Unicode/UTF-8, Standard) MODS (XML) RIS
  • More searches
    Search for this title in:
    Other Libraries (WorldCat) Other Databases (Google Scholar) Online Stores (Bookfinder.com) Open Library (openlibrary.org)

Exporting to Dublin Core...

SOUTHVILLE LIBRARY

Southville International School and Colleges Library

1281 Tropical Ave. Cor. Luxembourg St., BF Homes International, Las Pinas City

Tel. No. 8256374 / 252358 Loc. 117/146

Powered by Koha